Statistieken voor Top 15 landen met Covid-19 sterfgevallen - 3 juni 2021

Klik hier om de quiz te nemen!

Algemene statistieken

  • Deze quiz is 5 keer genomen
  • De gemiddelde score is 12 van 24

Antwoordstatistieken

totaal
sterfgevallen
land% Correct
89 605Duitsland
100%
611 611Verenigde Staten
100%
127 812Verenigd Koninkrijk
100%
79 873Argentinië
67%
België
67%
469 784Brazilië
67%
109 857Frankrijk
67%
340 719India
67%
126 342Italië
67%
228 146Mexico
67%
185 380Peru
67%
122 660Rusland
67%
80 099Spanje
67%
Bulgarije
33%
90 353Colombia
33%
Hongarije
33%
80 658Iran
33%
Kroatië
33%
74 075Polen
33%
Slovenië
33%
Slowakije
33%
Bosnië en Herzegovina
0%
Noord-Macedonië
0%
Tsjechië
0%

Scoreverdeling

Percentiel versus Aantal Correcte Antwoorden

Procent van Mensen met Elke Score

Uw Scoregeschiedenis

U heeft deze quiz nog niet genomen